000 00743nam a2200265Ia 4500
005 20260302115908.0
008 008 260114s9999 xx 000 0 eng d
020 _a9781509936090
037 _aTextbook
040 _aCRL
040 _beng
040 _cCRL
041 _2eng
041 _aeng
084 _qCRL
100 _aImogen Saunders
_91123000
245 0 _aGeneral Principles as a Source of International Law Art 38(1)(c) of the Statute of the International Court of Justice
260 _bBloomsbury
260 _bHart Publishing
260 _c2021
650 _aLaw
856 _uhttps://doi.org/10.5040/9781509936090?locatt=label:secondary_bloomsburyCollections
942 _cEBOOK
999 _c1687841
_d1687841